书目信息 |
| 题名: |
流畅表达
|
|
| 作者: | 伍拉德, 编著 ;卢小萍 翻译 | |
| 分册: | 准中级 | |
| 出版信息: | 北京 北京语言大学出版社 2006.04 |
|
| 页数: | 191页 | |
| 开本: | 26cm | |
| 丛书名: | 汤姆森词汇学习系列丛书 | |
| 单 册: | ||
| 中图分类: | H313.1 | |
| 科图分类: | ||
| 主题词: | 英语--ying yu--词汇--自学参考资料 | |
| 电子资源: | ||
| ISBN: | 7-5619-1593-4 | |
| 000 | 01270nam 2200289 450 | |
| 001 | 012006023061 | |
| 005 | 20061018155904.31 | |
| 010 | @a7-5619-1593-4@dCNY23.00 | |
| 100 | @a20060914d2006 km y0chiy0120 ea | |
| 101 | 1 | @achi@ceng |
| 102 | @aCN@b110000 | |
| 105 | @aa z 000yy | |
| 200 | 1 | @a流畅表达@Aliu chang biao da@e英语关键词搭配训练@i准中级@d= Key words for fluency@ePre-intermediate collocation practice@fGeroge Woolard编著@FGeroge Woolard bian zhu@g卢小萍翻译@Glu xiao ping fan yi@zeng |
| 210 | @a北京@c北京语言大学出版社@d2006.04 | |
| 215 | @a191页@c图@d26cm | |
| 225 | 2 | @a汤姆森词汇学习系列丛书@Atang mu sen ci hui xue xi xi lie cong shu |
| 330 | @a本书就最常用英语单词中的270个单词的搭配进行了练习,根据不同话题分为22节,内容包括:你的房子、房间与家俱、厨房里、天空与空气等。 | |
| 410 | 0 | @12001 @a汤姆森词汇学习系列丛书 |
| 510 | 1 | @aKey words for fluency@ePre-intermediate collocation practice@zeng |
| 517 | 1 | @a英语关键词搭配训练@Aying yu guan jian ci da pei xun lian |
| 517 | 1 | @a准中级@Azhun zhong ji |
| 606 | 0 | @a英语@Aying yu@x词汇@j自学参考资料 |
| 690 | @aH313.1@v4 | |
| 701 | 1 | @a伍拉德,@Awu la de,@bG.@g(Woolard, George)@4编著 |
| 702 | 0 | @a卢小萍@Alu xiao ping@4翻译 |
| 801 | 0 | @aCN@c20061018 |
| 905 | @a10447@dH313.1@eW938 | |
| 流畅表达:英语关键词搭配训练.准中级= Key words for fluency:Pre-intermediate collocation practice/Geroge Woolard编著/卢小萍翻译.-北京:北京语言大学出版社,2006.04 |
| 191页:图;26cm.-(汤姆森词汇学习系列丛书) |
| ISBN 7-5619-1593-4:CNY23.00 |
| 本书就最常用英语单词中的270个单词的搭配进行了练习,根据不同话题分为22节,内容包括:你的房子、房间与家俱、厨房里、天空与空气等。 |
| ● |
| 相关链接 |
|
|
|
正题名:流畅表达
索取号:H313.1/W938
 
预约/预借
| 序号 | 登录号 | 条形码 | 馆藏地/架位号 | 状态 | 备注 |
| 1 | 221769 | 202217699 | 语言库209/209语言库 33排3列2层/ [索取号:H313.1/W938] | 在馆 | |
| 2 | 221770 | 202217706 | 语言库209/209语言库 33排3列2层/ [索取号:H313.1/W938] | 在馆 | |
| 3 | 221771 | 202217715 | 语言库209/209语言库 33排3列2层/ [索取号:H313.1/W938] | 在馆 |